[Event "Hastings Masters 2024/25 98th"]
[Site "Hastings"]
[Date "2025.01.01"]
[Round "7.15"]
[White "Abrahams, Daniel"]
[Black "Bozinakis, Pavlos"]
[Result "0-1"]
[WhiteElo "2071"]
[BlackElo "2257"]
[PlyCount "104"]
[EventDate "2024.12.28"]
[EventType "swiss"]
[EventRounds "9"]
[EventCountry "ENG"]
[SourceTitle "BritBase"]
[Source "John Saunders"]
[SourceDate "2025.01.10"]
[SourceVersion "1"]
[SourceVersionDate "2025.01.10"]
[SourceQuality "1"]

1. d4 Nf6 2. c4 e6 3. Nc3 Bb4 4. Qc2 O-O 5. a3 Bxc3+ 6. Qxc3 d5 7. Nf3 dxc4 8. Qxc4 b6 9. Bg5 Bb7 10. e3 Nbd7 11. Be2 h6 12. Bxf6 Nxf6 13. O-O Rc8 14. b4 Qd6 15. h3 c5 16. dxc5 bxc5 17. Rfd1 Bd5 18. Qh4 Rfd8 19. Bc4 Qb6 20. Bxd5 Rxd5 21. Rxd5 Nxd5 22. Rc1 a5 23. Rxc5 Rxc5 24. bxc5 Qxc5 25. Qa4 Nc3 26. Qe8+ Qf8 27. Qxf8+ Kxf8 28. Ne5 a4 29. Kf1 Ke7 30. Nc4 Kd7 31. Ke1 Kc6 32. Kd2 Ne4+ 33. Kd3 Nxf2+ 34. Kd4 f6 35. e4 e5+ 36. Ke3 Nd1+ 37. Kd3 Kc5 38. Nd2 h5 39. h4 g6 40. g3 Kb5 41. Nb1 f5 42. Kc2 Ne3+ 43. Kd3 Nf1 44. Nc3+ Kc6 45. Nxa4 Nxg3 46. Nc3 fxe4+ 47. Nxe4 Nf5 48. Nf6 Nxh4 49. Ke4 Kd6 50. a4 Nf5 51. a5 Ke6 52. Ne8 Nd6+ 0-1

[Event "Hastings Masters 2024/25 98th"]
[Site "Hastings"]
[Date "2025.01.01"]
[Round "7.17"]
[White "Steiners, Emils"]
[Black "Bilandzic, Ante"]
[Result "0-1"]
[WhiteElo "2233"]
[BlackElo "1912"]
[PlyCount "50"]
[EventDate "2024.12.28"]
[EventType "swiss"]
[EventRounds "9"]
[EventCountry "ENG"]
[SourceTitle "BritBase"]
[Source "John Saunders"]
[SourceDate "2025.01.10"]
[SourceVersion "1"]
[SourceVersionDate "2025.01.10"]
[SourceQuality "1"]

1. d4 Nf6 2. c4 e5 3. dxe5 Ng4 4. Nf3 Bc5 5. e3 Nc6 6. Be2 O-O 7. O-O Re8 8. Nc3 Ngxe5 9. Nxe5 Nxe5 10. a3 a5 11. b3 Ra6 12. Qc2 Qh4 13. Ne4 Rh6 14. h3 d5 15. Ng3 Bxh3 16. gxh3 Qxh3 17. Rd1 Qh2+ 18. Kf1 Rf6 19. Bh5 Qxg3 20. Rxd5 Qh3+ 21. Ke1 Qxh5 22. Bb2 Nf3+ 23. Kd1 Rd6 24. Rxd6 Nd4+ 25. Kc1 Nxc2 0-1

[Event "Hastings Masters 2024/25 98th"]
[Site "Hastings"]
[Date "2025.01.01"]
[Round "7.18"]
[White "Mikalajunas, Kajus"]
[Black "Bin-Suhayl, Ieysaa"]
[Result "0-1"]
[WhiteElo "1975"]
[BlackElo "2215"]
[PlyCount "72"]
[EventDate "2024.12.28"]
[EventType "swiss"]
[EventRounds "9"]
[EventCountry "ENG"]
[SourceTitle "BritBase"]
[Source "John Saunders"]
[SourceDate "2025.01.10"]
[SourceVersion "1"]
[SourceVersionDate "2025.01.10"]
[SourceQuality "1"]

1. Nf3 d5 2. g3 Nf6 3. Bg2 c6 4. O-O Bg4 5. c4 e6 6. cxd5 Bxf3 7. Bxf3 cxd5 8. Nc3 Nc6 9. d4 Bb4 10. e3 Bxc3 11. bxc3 O-O 12. Rb1 Qd7 13. c4 dxc4 14. Qc2 b5 15. a4 a6 16. Ba3 Rfc8 17. Bc5 Nd5 18. e4 Nf6 19. Rfd1 Na5 20. Bb4 Nb3 21. d5 e5 22. Qb2 Nd4 23. Rxd4 exd4 24. Qxd4 a5 25. Bc5 b4 26. e5 Qf5 27. Kg2 Qxb1 28. exf6 c3 29. d6 c2 30. Qg4 g6 31. Bxa8 Rxa8 32. Qe4 Rf8 33. Qe7 Qf1+ 34. Kxf1 c1=Q+ 35. Kg2 Qxc5 36. d7 Qb6 0-1

[Event "Hastings Masters 2024/25 98th"]
[Site "Hastings"]
[Date "2025.01.01"]
[Round "7.19"]
[White "Boyer, Mahel"]
[Black "White, Stuart A"]
[Result "1-0"]
[WhiteElo "2531"]
[BlackElo "2017"]
[PlyCount "83"]
[EventDate "2024.12.28"]
[EventType "swiss"]
[EventRounds "9"]
[EventCountry "ENG"]
[SourceTitle "BritBase"]
[Source "John Saunders"]
[SourceDate "2025.01.10"]
[SourceVersion "1"]
[SourceVersionDate "2025.01.10"]
[SourceQuality "1"]

1. Nf3 d5 2. g3 g6 3. Bg2 Bg7 4. O-O e5 5. d3 Nc6 6. Nc3 d4 7. Ne4 h6 8. e3 Nge7 9. c3 O-O 10. exd4 exd4 11. c4 f5 12. Nc5 Qd6 13. Nb3 g5 14. h4 g4 15. Nh2 Be5 16. Re1 h5 17. c5 Qg6 18. Bg5 Re8 19. Qd2 Bd7 20. Re2 Qf7 21. Bf4 Ng6 22. Bxe5 Rxe5 23. Rxe5 Ngxe5 24. Qg5+ Kh7 25. Rd1 Rg8 26. Qf4 Re8 27. f3 Ng6 28. Qxc7 f4 29. fxg4 fxg3 30. Nf3 Kg8 31. Qxg3 Bxg4 32. Re1 Re3 33. Nbxd4 Rxd3 34. Nxc6 bxc6 35. Qb8+ Kg7 36. Ne5 Nxe5 37. Qxe5+ Kg8 38. Qg5+ Kh8 39. Re7 Rd1+ 40. Kh2 Qf8 41. Qe5+ Kg8 42. Re8 1-0

[Event "Hastings Masters 2024/25 98th"]
[Site "Hastings"]
[Date "2025.01.01"]
[Round "7.20"]
[White "Golding, Alex"]
[Black "Struck, Lasse"]
[Result "1/2-1/2"]
[WhiteElo "2381"]
[BlackElo "1981"]
[PlyCount "90"]
[EventDate "2024.12.28"]
[EventType "swiss"]
[EventRounds "9"]
[EventCountry "ENG"]
[SourceTitle "BritBase"]
[Source "John Saunders"]
[SourceDate "2025.01.10"]
[SourceVersion "1"]
[SourceVersionDate "2025.01.10"]
[SourceQuality "1"]

1. Nf3 c5 2. e4 e6 3. Nc3 a6 4. d4 cxd4 5. Qxd4 Nc6 6. Qe3 d6 7. Bc4 Nf6 8. h3 Qc7 9. Bb3 Be7 10. g4 b5 11. Bd2 Na5 12. g5 Nd7 13. Nd4 Ne5 14. Qe2 Nec4 15. Bc1 Qc5 16. Bxc4 Nxc4 17. Nb3 Qc6 18. f3 O-O 19. h4 b4 20. Nd1 a5 21. Nd4 Qc5 22. Be3 Nxe3 23. Qxe3 Bd8 24. Nb3 Qc6 25. Qd2 Bb6 26. Nf2 a4 27. Nc1 a3 28. bxa3 Rxa3 29. Nb3 Ba6 30. Nd3 Bxd3 31. cxd3 Rfa8 32. Ke2 Qa4 33. Rhc1 g6 34. Kf1 Rxa2 35. Rxa2 Qxa2 36. Rc8+ Kg7 37. Rxa8 Qxa8 38. Qxb4 Qa6 39. Qxd6 Qb5 40. Nd2 Qb2 41. Qf4 e5 42. Qf6+ Kg8 43. Qd6 Bd4 44. Qd8+ Kg7 45. Qf6+ Kg8 1/2-1/2

[Event "Hastings Masters 2024/25 98th"]
[Site "Hastings"]
[Date "2025.01.01"]
[Round "7.21"]
[White "Lishoy Gengis Paratazham, Dildarav"]
[Black "Lucas, Arthur"]
[Result "0-1"]
[WhiteElo "2037"]
[BlackElo "2328"]
[PlyCount "86"]
[EventDate "2024.12.28"]
[EventType "swiss"]
[EventRounds "9"]
[EventCountry "ENG"]
[SourceTitle "BritBase"]
[Source "John Saunders"]
[SourceDate "2025.01.10"]
[SourceVersion "1"]
[SourceVersionDate "2025.01.10"]
[SourceQuality "1"]

1. Nf3 f5 2. g3 Nf6 3. Bg2 g6 4. O-O Bg7 5. c4 O-O 6. Nc3 d6 7. d4 Qe8 8. Re1 e5 9. dxe5 dxe5 10. e4 Nc6 11. Be3 f4 12. gxf4 Nh5 13. Nd5 exf4 14. Bc5 Rf7 15. Qb3 b6 16. Ba3 Na5 17. Qd3 c6 18. Nc3 Be6 19. b3 Rd8 20. Qc2 h6 21. e5 Bf5 22. Ne4 g5 23. Bb2 c5 24. Rad1 Nc6 25. Qc1 Bxe4 26. Rxd8 Nxd8 27. Rxe4 g4 28. Nh4 Ne6 29. Re1 f3 30. Bf1 Qd8 31. Ng6 Rd7 32. Qb1 Rf7 33. Qe4 g3 34. Qd3 Qg5 35. Bc1 gxh2+ 36. Kxh2 Nhf4 37. Nxf4 Nxf4 38. Qxf3 Qh4+ 39. Kg1 Nh3+ 40. Qxh3 Qxf2+ 41. Kh1 Qxe1 42. Kh2 Bxe5+ 43. Kg2 Qxf1# 0-1

[Event "Hastings Masters 2024/25 98th"]
[Site "Hastings"]
[Date "2025.01.01"]
[Round "7.22"]
[White "Rida, Ruqayyah"]
[Black "Badacsonyi, Frankie"]
[Result "1/2-1/2"]
[WhiteElo "2019"]
[BlackElo "2218"]
[PlyCount "108"]
[EventDate "2024.12.28"]
[EventType "swiss"]
[EventRounds "9"]
[EventCountry "ENG"]
[SourceTitle "BritBase"]
[Source "John Saunders"]
[SourceDate "2025.01.10"]
[SourceVersion "1"]
[SourceVersionDate "2025.01.10"]
[SourceQuality "1"]

1. e4 c5 2. Nf3 Nc6 3. d4 cxd4 4. Nxd4 Nf6 5. Nc3 h5 6. Bc4 e6 7. Bf4 Bc5 8. Ndb5 O-O 9. Bc7 Qe7 10. Bd6 Bxd6 11. Nxd6 e5 12. Nf5 Qb4 13. Qd3 Nd4 14. O-O-O Nxf5 15. exf5 d5 16. Bxd5 Qf4+ 17. Qe3 Qxf5 18. f3 Be6 19. Rhe1 Bxd5 20. Nxd5 Nxd5 21. Rxd5 f6 22. Red1 Rf7 23. Qb3 Kh7 24. Qd3 Qxd3 25. R1xd3 Rc7 26. Kd2 Kg6 27. c3 Kf5 28. Ke3 Ke6 29. Rd6+ Ke7 30. f4 exf4+ 31. Kxf4 Re8 32. Kf5 Kf7 33. Rd7+ Re7 34. Rxc7 Rxc7 35. Ke4 Re7+ 36. Kf3 g5 37. Rd5 Kg6 38. c4 g4+ 39. Kf2 f5 40. Rd8 h4 41. Rg8+ Kf6 42. Rd8 Kg5 43. g3 h3 44. b3 Kf6 45. Rd5 a6 46. Rd8 Ke5 47. Rd1 Rc7 48. Ke3 b5 49. Rd5+ Ke6 50. Rd4 Rc5 51. Kf4 Re5 52. cxb5 Rxb5 53. Rc4 a5 54. Rc6+ Ke7 1/2-1/2

[Event "Hastings Masters 2024/25 98th"]
[Site "Hastings"]
[Date "2025.01.01"]
[Round "7.23"]
[White "Golding, James"]
[Black "Suez-Panama, Gilles"]
[Result "1-0"]
[WhiteElo "2203"]
[BlackElo "1979"]
[PlyCount "97"]
[EventDate "2024.12.28"]
[EventType "swiss"]
[EventRounds "9"]
[EventCountry "ENG"]
[SourceTitle "BritBase"]
[Source "John Saunders"]
[SourceDate "2025.01.10"]
[SourceVersion "1"]
[SourceVersionDate "2025.01.10"]
[SourceQuality "1"]

1. d4 e6 2. c4 d5 3. Nf3 f5 4. g3 Nf6 5. Bg2 Be7 6. O-O Ne4 7. Qc2 Nc6 8. a3 Bf6 9. Rd1 O-O 10. b4 Ne7 11. Ne5 c6 12. e3 Qe8 13. Bb2 Ng6 14. Nd3 h5 15. Bf3 Nh8 16. Nc3 g5 17. Ne2 Qg6 18. Bg2 Bd7 19. Rac1 Qg7 20. Qb3 Rae8 21. a4 Kh7 22. b5 Ng6 23. Ba3 Be7 24. Bxe7 Rxe7 25. f3 Nd6 26. Nb2 f4 27. e4 dxe4 28. fxe4 Ref7 29. Rf1 g4 30. e5 f3 31. exd6 fxe2 32. Rxf7 Rxf7 33. Qe3 c5 34. Nd3 cxd4 35. Qxe2 b6 36. Be4 Kg8 37. Re1 Rf6 38. Qd2 Nf8 39. Ne5 Qh6 40. Qxh6 Rxh6 41. Rf1 Be8 42. Bc6 Bg6 43. Rd1 d3 44. Nxg6 Rxg6 45. Rxd3 Rg7 46. d7 Nxd7 47. Rxd7 Rxd7 48. Bxd7 Kf7 49. Kf2 1-0

[Event "Hastings Masters 2024/25 98th"]
[Site "Hastings"]
[Date "2025.01.01"]
[Round "7.31"]
[White "Pick, Freddie"]
[Black "Chandler, Cliff R"]
[Result "0-1"]
[WhiteElo "1874"]
[BlackElo "2161"]
[PlyCount "66"]
[EventDate "2024.12.28"]
[EventType "swiss"]
[EventRounds "9"]
[EventCountry "ENG"]
[SourceTitle "BritBase"]
[Source "John Saunders"]
[SourceDate "2025.01.10"]
[SourceVersion "1"]
[SourceVersionDate "2025.01.10"]
[SourceQuality "1"]

1. c4 e5 2. Nc3 Nc6 3. Nf3 Nf6 4. e3 Be7 5. d4 exd4 6. exd4 d5 7. Bd3 dxc4 8. Bxc4 Bg4 9. d5 Bxf3 10. Qxf3 Ne5 11. Qe2 Nxc4 12. Qxc4 O-O 13. O-O a6 14. Bf4 b5 15. Qxc7 b4 16. d6 Qxc7 17. dxc7 bxc3 18. bxc3 Nd5 19. Rfe1 Bf6 20. Be5 Bxe5 21. Rxe5 Nxc7 22. c4 Ne6 23. Rc1 Rfc8 24. Kf1 Rc5 25. Re4 Rac8 26. Ke2 Kf8 27. g3 Ke7 28. Kd3 f5 29. Re2 Rd8+ 30. Kc3 Rdc8 31. Kd3 Kf6 32. h4 Ra5 33. Rb2 Ra3+ 0-1

[Event "Hastings Masters 2024/25 98th"]
[Site "Hastings"]
[Date "2025.01.01"]
[Round "7.32"]
[White "Zhang, Kendrick Botong"]
[Black "Schimnatkowski, Lukas"]
[Result "0-1"]
[WhiteElo "1994"]
[BlackElo "2221"]
[PlyCount "104"]
[EventDate "2024.12.28"]
[EventType "swiss"]
[EventRounds "9"]
[EventCountry "ENG"]
[SourceTitle "BritBase"]
[Source "John Saunders"]
[SourceDate "2025.01.10"]
[SourceVersion "1"]
[SourceVersionDate "2025.01.10"]
[SourceQuality "1"]

1. e4 c5 2. Nf3 d6 3. d4 cxd4 4. Nxd4 Nf6 5. Nc3 g6 6. Be3 Bg7 7. f3 a6 8. Qd2 h5 9. O-O-O b5 10. Kb1 Bb7 11. h4 Nbd7 12. Nb3 Rc8 13. Qf2 Rxc3 14. bxc3 Qc7 15. Bd3 Qxc3 16. Bd4 Qc7 17. Qd2 O-O 18. Qc3 Qb8 19. Rhe1 e5 20. Bf2 d5 21. Bg3 Rc8 22. Qa5 Qa8 23. Re2 Kh7 24. Be1 Nf8 25. exd5 Nxd5 26. Be4 Ne6 27. Bxd5 Bxd5 28. Bc3 Bxf3 29. gxf3 Qxf3 30. Qxa6 Qxe2 31. Re1 Qc4 32. Re3 Nf4 33. Nd2 Qc5 34. Rg3 Ne2 35. Ne4 Nxc3+ 36. Rxc3 Qg1+ 37. Kb2 Rxc3 38. Ng5+ Kg8 39. Kxc3 Qd4+ 40. Kb3 Qc4+ 41. Kb2 e4+ 42. Kc1 Qf1+ 43. Kd2 Qf4+ 44. Ke2 Qg4+ 45. Ke3 Qxh4 46. Qxb5 Qe1+ 47. Kf4 Qf2+ 48. Kxe4 f5+ 49. Kd5 Qg2+ 50. Ke6 Qxg5 51. Qe8+ Kh7 52. Kf7 Qf6# 0-1

[Event "Hastings Masters 2024/25 98th"]
[Site "Hastings"]
[Date "2025.01.01"]
[Round "7.33"]
[White "Brewer, Callum D"]
[Black "Rastogi, Nayan Keats"]
[Result "1-0"]
[WhiteElo "2151"]
[BlackElo "1873"]
[PlyCount "30"]
[EventDate "2024.12.28"]
[EventType "swiss"]
[EventRounds "9"]
[EventCountry "ENG"]
[SourceTitle "BritBase"]
[Source "John Saunders"]
[SourceDate "2025.01.10"]
[SourceVersion "1"]
[SourceVersionDate "2025.01.10"]
[SourceQuality "1"]

1. e4 c5 2. Nf3 d6 3. c3 Nf6 4. Be2 Nc6 5. d4 cxd4 6. cxd4 d5 7. e5 Ne4 8. O-O Bg4 9. Be3 Qb6 10. Ne1 Bxe2 11. Qxe2 a6 12. f3 Nxd4 13. Qd3 Nxf3+ 14. Rxf3 Qxb2 15. Qxd5 Rd8 1-0

[Event "Hastings Masters 2024/25 98th"]
[Site "Hastings"]
[Date "2025.01.01"]
[Round "7.39"]
[White "Dewangan, Aayush"]
[Black "Zhu, Yaoyao"]
[Result "1-0"]
[WhiteElo "1878"]
[BlackElo "1990"]
[PlyCount "113"]
[EventDate "2024.12.28"]
[EventType "swiss"]
[EventRounds "9"]
[EventCountry "ENG"]
[SourceTitle "BritBase"]
[Source "John Saunders"]
[SourceDate "2025.01.10"]
[SourceVersion "1"]
[SourceVersionDate "2025.01.10"]
[SourceQuality "1"]

1. e4 e5 2. Nf3 Nc6 3. d4 exd4 4. Bc4 Nf6 5. e5 d5 6. Bb5 Nd7 7. O-O Be7 8. Re1 O-O 9. Bxc6 bxc6 10. Nxd4 Nb8 11. c3 c5 12. Nb3 c4 13. N3d2 a5 14. f4 f5 15. Nf3 c5 16. a4 Na6 17. Na3 Nc7 18. b3 cxb3 19. Qxb3 Be6 20. Bd2 Rb8 21. Qc2 Qd7 22. c4 dxc4 23. Bxa5 Nd5 24. Qd2 Qxa4 25. Rec1 c3 26. Bxc3 Qxf4 27. Rab1 Qa4 28. Ra1 Rfd8 29. Ba5 Nb6 30. Qe1 Qc6 31. Rab1 c4 32. Nb5 Bc5+ 33. Kh1 Rd7 34. Bc3 Rbd8 35. Nbd4 Bxd4 36. Nxd4 Rxd4 37. Bxd4 Rxd4 38. Qb4 Rg4 39. Rb2 Bd5 40. Rcc2 Nd7 41. Qe7 h6 42. h3 Rg5 43. Re2 c3 44. Rbc2 Be4 45. e6 Nf8 46. Qf7+ Kh7 47. e7 Bxg2+ 48. Rxg2 Qf3 49. exf8=N+ Kh8 50. Ng6+ Kh7 51. Kh2 Qe4 52. Rxg5 hxg5 53. Rf2 c2 54. Nf8+ Kh8 55. Qh5+ Kg8 56. Qh7+ Kxf8 57. Qxf5+ 1-0

[Event "Hastings Masters 2024/25 98th"]
[Site "Hastings"]
[Date "2025.01.01"]
[Round "7.41"]
[White "Zhou, Yang-Fan"]
[Black "Briem, Benedikt"]
[Result "1-0"]
[WhiteElo "2431"]
[BlackElo "2176"]
[PlyCount "51"]
[EventDate "2024.12.28"]
[EventType "swiss"]
[EventRounds "9"]
[EventCountry "ENG"]
[SourceTitle "BritBase"]
[Source "John Saunders"]
[SourceDate "2025.01.10"]
[SourceVersion "1"]
[SourceVersionDate "2025.01.10"]
[SourceQuality "1"]

1. e4 e5 2. Nf3 Nc6 3. Bc4 Bc5 4. d3 Nf6 5. c3 O-O 6. O-O d5 7. exd5 Nxd5 8. a4 Bg4 9. a5 a6 10. Nbd2 b5 11. axb6 Nxb6 12. Rxa6 Nxc4 13. Rxa8 Qxa8 14. Nxc4 Rd8 15. Qe2 Bf5 16. Rd1 e4 17. dxe4 Rxd1+ 18. Qxd1 Bxe4 19. b4 Bf8 20. Bf4 Ne7 21. Ne3 Ng6 22. Bg3 Qc6 23. Ng5 h6 24. b5 Qxb5 25. Nxe4 f5 26. Qh5 1-0

[Event "Hastings Masters 2024/25 98th"]
[Site "Hastings"]
[Date "2025.01.01"]
[Round "7.42"]
[White "Muir, Andrew J"]
[Black "Flynn, David"]
[Result "1-0"]
[WhiteElo "2194"]
[BlackElo "1846"]
[PlyCount "71"]
[EventDate "2024.12.28"]
[EventType "swiss"]
[EventRounds "9"]
[EventCountry "ENG"]
[SourceTitle "BritBase"]
[Source "John Saunders"]
[SourceDate "2025.01.10"]
[SourceVersion "1"]
[SourceVersionDate "2025.01.10"]
[SourceQuality "1"]

1. d4 Nf6 2. c4 c5 3. d5 b5 4. cxb5 a6 5. bxa6 e6 6. Nc3 exd5 7. Nxd5 Be7 8. e4 Nxe4 9. Qf3 Ng5 10. Bxg5 Bxg5 11. Qe4+ Kf8 12. f4 Bh6 13. Nf3 Nc6 14. Bc4 Bxa6 15. O-O Bxc4 16. Qxc4 d6 17. Rad1 g6 18. Qb5 Ne7 19. Nb6 Ra7 20. Ne5 Kg7 21. Qb3 Rf8 22. g4 f6 23. Nec4 Nc8 24. Nxc8 Qxc8 25. Qg3 Kg8 26. Rxd6 Rxa2 27. Rfd1 Re8 28. h3 Qb7 29. Rxf6 Qe7 30. Rfd6 Qe4 31. Qb3 Qxf4 32. Rf1 Ra1 33. Rxa1 Re2 34. Ne5+ Kf8 35. Ra8+ Kg7 36. Rg8# 1-0

[Event "Hastings Masters 2024/25 98th"]
[Site "Hastings"]
[Date "2025.01.01"]
[Round "7.51"]
[White "Butt, Laurence"]
[Black "Eldridge, Albert"]
[Result "0-1"]
[WhiteElo "1818"]
[BlackElo "1805"]
[PlyCount "56"]
[EventDate "2024.12.28"]
[EventType "swiss"]
[EventRounds "9"]
[EventCountry "ENG"]
[SourceTitle "BritBase"]
[Source "John Saunders"]
[SourceDate "2025.01.10"]
[SourceVersion "1"]
[SourceVersionDate "2025.01.10"]
[SourceQuality "1"]

1. d4 d5 2. f4 Nf6 3. Nf3 Bf5 4. e3 e6 5. Be2 Nbd7 6. O-O Be7 7. Ne5 h5 8. Nd2 g6 9. Ndf3 Ne4 10. c4 g5 11. Nxd7 Qxd7 12. Ne5 Qd6 13. c5 Qd8 14. Bxh5 Rh7 15. Bxf7+ Kf8 16. g4 Bf6 17. gxf5 Bxe5 18. Bg6 gxf4 19. exf4 Rxh2 20. Qg4 Rh4 21. Qf3 Bxd4+ 22. Kg2 Qf6 23. Rh1 Rxh1 24. Kxh1 exf5 25. Be3 Bxe3 26. Qxe3 Qxg6 27. Rg1 Qh5+ 28. Kg2 Kf7 0-1

[Event "Hastings Masters 2024/25 98th"]
[Site "Hastings"]
[Date "2025.01.01"]
[Round "7.53"]
[White "Han, Yongsu"]
[Black "Arnott, Jonathan W"]
[Result "0-1"]
[WhiteElo "1705"]
[BlackElo "2073"]
[PlyCount "124"]
[EventDate "2024.12.28"]
[EventType "swiss"]
[EventRounds "9"]
[EventCountry "ENG"]
[SourceTitle "BritBase"]
[Source "John Saunders"]
[SourceDate "2025.01.10"]
[SourceVersion "1"]
[SourceVersionDate "2025.01.10"]
[SourceQuality "1"]

1. e4 e6 2. d4 d5 3. exd5 exd5 4. Nf3 Bd6 5. Bd3 Qe7+ 6. Be3 Bf4 7. Nc3 Nf6 8. Qe2 Bxe3 9. fxe3 O-O 10. O-O-O Re8 11. Rhe1 Nc6 12. e4 dxe4 13. Nxe4 Nxe4 14. Bxe4 Bf5 15. Bd3 Qxe2 16. Bxe2 Nb4 17. Bb5 c6 18. Ba4 Nxa2+ 19. Kd2 Nb4 20. Bb3 Nd5 21. Kc1 Kf8 22. Re5 Rxe5 23. dxe5 Be6 24. Ng5 Ke7 25. Nxh7 Rh8 26. Ng5 Rxh2 27. Rg1 Nf4 28. Rf1 Rxg2 29. Bxe6 fxe6 30. Ne4 Ne2+ 31. Kd1 Ng3 32. Nxg3 Rxg3 33. Rh1 Rg5 34. Re1 Rg2 35. Rh1 Rg5 36. Re1 c5 37. Kd2 Kd7 38. Rf1 Rf5 39. Ra1 a6 40. Re1 Kc6 41. c4 g5 42. Re3 g4 43. Rg3 Rf4 44. b3 b5 45. Ke3 Rd4 46. cxb5+ axb5 47. Rg2 Kd5 48. Rc2 Rb4 49. Rc3 g3 50. Kf3 Kd4 51. Re3 g2 52. Re4+ Kd5 53. Re1 Rxb3+ 54. Kxg2 c4 55. Kf2 b4 56. Re2 c3 57. Ke1 Rb1+ 58. Kf2 Rb2 59. Ke1 Rxe2+ 60. Kxe2 Ke4 61. Ke1 Ke3 62. Kd1 Kd3 0-1

[Event "Hastings Masters 2024/25 98th"]
[Site "Hastings"]
[Date "2025.01.02"]
[Round "8.1"]
[White "Xue, Haowen"]
[Black "Laurent-Paoli, Pierre"]
[Result "1-0"]
[WhiteElo "2502"]
[BlackElo "2560"]
[PlyCount "89"]
[EventDate "2024.12.28"]
[EventType "swiss"]
[EventRounds "9"]
[EventCountry "ENG"]
[SourceTitle "BritBase"]
[Source "John Saunders"]
[SourceDate "2025.01.10"]
[SourceVersion "1"]
[SourceVersionDate "2025.01.10"]
[SourceQuality "1"]

1. d4 Nf6 2. c4 e6 3. Nf3 d5 4. Nc3 c6 5. Bg5 Nbd7 6. e3 Qa5 7. cxd5 Nxd5 8. Rc1 Nxc3 9. bxc3 Ba3 10. Rc2 b6 11. Be2 Ba6 12. O-O Bxe2 13. Rxe2 O-O 14. Qc2 Rfe8 15. c4 Bf8 16. Rd1 Rac8 17. h3 h6 18. Bh4 Be7 19. Bg3 Bf6 20. Red2 Qb4 21. Rb1 Qa5 22. Rdd1 Qa3 23. Nd2 c5 24. Ne4 cxd4 25. Nd6 e5 26. Nxe8 Rxe8 27. Qf5 Re6 28. exd4 exd4 29. Qd5 Qa4 30. Re1 Nc5 31. Bd6 Rxe1+ 32. Rxe1 Ne6 33. f4 Qxa2 34. f5 Qd2 35. Bg3 Nf4 36. Qf3 Bg5 37. h4 Nxg2 38. Re8+ Kh7 39. hxg5 Ne3 40. g6+ fxg6 41. fxg6+ Kxg6 42. Re6+ Kh7 43. Qe4+ Kg8 44. Re8+ Kf7 45. Qe6# 1-0

[Event "Hastings Masters 2024/25 98th"]
[Site "Hastings"]
[Date "2025.01.02"]
[Round "8.2"]
[White "Balaji, Aaravamudhan"]
[Black "Zhang, Pengxiang"]
[Result "0-1"]
[WhiteElo "2350"]
[BlackElo "2567"]
[PlyCount "50"]
[EventDate "2024.12.28"]
[EventType "swiss"]
[EventRounds "9"]
[EventCountry "ENG"]
[SourceTitle "BritBase"]
[Source "John Saunders"]
[SourceDate "2025.01.10"]
[SourceVersion "1"]
[SourceVersionDate "2025.01.10"]
[SourceQuality "1"]

1. d4 Nf6 2. c4 e6 3. Nc3 Bb4 4. e3 b6 5. Nge2 Ba6 6. Ng3 Bxc3+ 7. bxc3 d5 8. Ba3 Bxc4 9. Bxc4 dxc4 10. Qf3 Qd5 11. e4 Qa5 12. Bb2 Nbd7 13. O-O O-O 14. Rfd1 c5 15. a4 Rac8 16. e5 Nd5 17. Ne4 cxd4 18. cxd4 c3 19. Ba3 c2 20. Rdc1 Qxa4 21. Bc5 Qxa1 22. Rxa1 bxc5 23. dxc5 Nxc5 24. Rc1 Nxe4 25. Qxe4 Nc3 0-1

[Event "Hastings Masters 2024/25 98th"]
[Site "Hastings"]
[Date "2025.01.02"]
[Round "8.3"]
[White "Stefansson, Vignir Vatnar"]
[Black "Gormally, Daniel W"]
[Result "0-1"]
[WhiteElo "2550"]
[BlackElo "2423"]
[PlyCount "54"]
[EventDate "2024.12.28"]
[EventType "swiss"]
[EventRounds "9"]
[EventCountry "ENG"]
[SourceTitle "BritBase"]
[Source "John Saunders"]
[SourceDate "2025.01.10"]
[SourceVersion "1"]
[SourceVersionDate "2025.01.10"]
[SourceQuality "1"]

1. e4 c5 2. c3 Nf6 3. e5 Nd5 4. Nf3 d6 5. exd6 e6 6. g3 Bxd6 7. Bg2 O-O 8. d4 Nc6 9. O-O cxd4 10. Nxd4 Nde7 11. Nxc6 Nxc6 12. Nd2 e5 13. Nc4 Bc7 14. Ne3 Be6 15. Qa4 Bb6 16. Nc4 Qd3 17. Ne3 Rad8 18. Bf3 Qg6 19. Re1 f5 20. Bxc6 bxc6 21. Nc4 Bxf2+ 22. Kxf2 f4 23. gxf4 Qh5 24. Rxe5 Qxh2+ 25. Kf3 Qh3+ 26. Kf2 Qh4+ 27. Kf3 Bg4+ 0-1

[Event "Hastings Masters 2024/25 98th"]
[Site "Hastings"]
[Date "2025.01.02"]
[Round "8.4"]
[White "Waldhausen Gordon, Frederick"]
[Black "Royal, Shreyas"]
[Result "1/2-1/2"]
[WhiteElo "2366"]
[BlackElo "2509"]
[PlyCount "140"]
[EventDate "2024.12.28"]
[EventType "swiss"]
[EventRounds "9"]
[EventCountry "ENG"]
[SourceTitle "BritBase"]
[Source "John Saunders"]
[SourceDate "2025.01.10"]
[SourceVersion "1"]
[SourceVersionDate "2025.01.10"]
[SourceQuality "1"]

1. d4 Nf6 2. c4 g6 3. Nc3 d5 4. cxd5 Nxd5 5. e4 Nxc3 6. bxc3 Bg7 7. Nf3 c5 8. h3 Nc6 9. Be3 O-O 10. Be2 cxd4 11. cxd4 Qa5+ 12. Bd2 Qa3 13. d5 Ne5 14. O-O Bd7 15. Nd4 Rfc8 16. Qb3 Qxb3 17. axb3 Nd3 18. Bxd3 Bxd4 19. Rac1 e6 20. Bc4 b5 21. dxe6 fxe6 22. Be2 e5 23. Rfd1 Be6 24. b4 Bb3 25. Re1 Bc2 26. Bg4 Rc7 27. Re2 Bb2 28. Be6+ Kg7 29. Rxc2 Rxc2 30. Bh6+ Kxh6 31. Rxc2 Ba3 32. Rc8 Rxc8 33. Bxc8 Bxb4 34. Ba6 Kg5 35. Bxb5 Kf6 36. Kf1 Ke6 37. Ke2 Kd6 38. Kd3 Kc5 39. Be8 Be1 40. Ke2 Bc3 41. Kd3 Bd4 42. f3 Bg1 43. Bf7 Kd6 44. Be8 a5 45. Kc4 Ke7 46. Bc6 Kf6 47. Kd3 Kg5 48. Be8 Bd4 49. Ke2 Bb6 50. Kd3 Kf4 51. Ke2 Ba7 52. Ba4 g5 53. Be8 Bb6 54. Ba4 Kg3 55. Kf1 h5 56. Be8 g4 57. hxg4 hxg4 58. Ke2 Bd8 59. fxg4 Kxg4 60. Kd3 Kg3 61. Kc4 Kxg2 62. Kb5 Kf3 63. Bc6 Ke3 64. Ka4 Kd4 65. Bd5 Kc5 66. Ba8 Bb6 67. Bd5 Bc7 68. Ba8 Kc4 69. Bd5+ Kc5 70. Ba8 Kc4 1/2-1/2

[Event "Hastings Masters 2024/25 98th"]
[Site "Hastings"]
[Date "2025.01.02"]
[Round "8.5"]
[White "Seo, Jung Min"]
[Black "Grutter, Tim"]
[Result "1/2-1/2"]
[WhiteElo "2491"]
[BlackElo "2380"]
[PlyCount "43"]
[EventDate "2024.12.28"]
[EventType "swiss"]
[EventRounds "9"]
[EventCountry "ENG"]
[SourceTitle "BritBase"]
[Source "John Saunders"]
[SourceDate "2025.01.10"]
[SourceVersion "1"]
[SourceVersionDate "2025.01.10"]
[SourceQuality "1"]

1. d4 Nf6 2. c4 g6 3. Nc3 Bg7 4. e4 d6 5. h3 Nc6 6. Nge2 e5 7. d5 Nd4 8. Be3 O-O 9. f3 c5 10. dxc6 Nxc6 11. g4 Be6 12. b3 Qa5 13. Bg2 a6 14. O-O b5 15. Nd5 bxc4 16. bxc4 Rab8 17. Kh1 Qa3 18. Bc1 Qa5 19. Bd2 Qa3 20. Bc1 Qa5 21. Bd2 Qa3 22. Bc1 1/2-1/2